| 000 | 00482cam a22002051 4500 | ||
|---|---|---|---|
| 001 | sa 66002904 | ||
| 003 | DLC | ||
| 005 | 20260227112232.0 | ||
| 008 | 881018q1950 xx 000 0 hinr | ||
| 010 | _asa 66002904 | ||
| 035 | _a(OCoLC)23566288 | ||
| 040 |
_aDLC _cMiU _dDLC |
||
| 042 | _apremarc | ||
| 050 | 0 | 0 |
_aPK2098.M58 _bB5 |
| 100 | 1 | _aMittal, Mahendra. | |
| 245 | 1 | 0 | _aBhīgī palakeṃ. |
| 260 |
_a[n.p.] _c[159-] |
||
| 300 |
_a135 p. _c20 cm. |
||
| 500 | _aRomanized. | ||
| 999 |
_c68604 _d68604 |
||